000
00299nam a22001457a 4500
008
210308b ||||| |||| 00| 0 eng d
020
_a
575
041
_a
eng
080
_2
VOLUME 14
_a
575
082
_2
575
100
_a
5
101
_a
BIO
245
_a
HOMOLOGY
_c
S. MAC LANE
942
_2
udc
_c
BK
999
_c
55938
_d
55938